Statistics for Complete the Card - WWE SummerSlam 2022

Click here to take the quiz!

General Stats

  • This quiz has been taken 130 times
  • The average score is 17 of 20

Answer Stats

HintAnswer% Correct
Undisputed WWE Universal Championship Last Man Standing MatchRoman Reigns
100%
WWE Raw Women's Championship MatchBecky Lynch
98%
Undisputed WWE Universal Championship Last Man Standing MatchBrock Lesnar
98%
Undisputed WWE Tag Team Championship MatchJey Uso
98%
Undisputed WWE Tag Team Championship MatchJimmy Uso
98%
WWE Raw Women's Championship MatchBianca Belair
95%
WWE United States Championship MatchBobby Lashley
91%
WWE SmackDown Women's Championship MatchRonda Rousey
90%
WWE United States Championship MatchTheory
89%
WWE SmackDown Women's Championship MatchLiv Morgan
85%
Undisputed WWE Tag Team Championship MatchAngelo Dawkins
83%
Undisputed WWE Tag Team Championship MatchMontez Ford
83%
No Disqualification Tag Team MatchFinn Bálor
82%
No Disqualification Tag Team MatchDamian Priest
81%
No Disqualification Tag Team MatchDominik Mysterio
77%
No Disqualification Tag Team MatchRey Mysterio
77%
Singles MatchThe Miz
69%
Singles MatchLogan Paul
66%
Singles MаtchHappy Corbin
56%
Singles MаtchPat McAfee
44%

Score Distribution

Percentile by Number Answered

Percent of People with Each Score

Your Score History

You have not taken this quiz